header

Embodying American slavery in contemporary culture (Record no. 234926)

MARC details
000 -LEADER
fixed length control field 01675nam a2200421Ia 4500
082 04 - DEWEY DECIMAL CLASSIFICATION NUMBER
Classification number 306.3/62
100 1# - MAIN ENTRY--AUTHOR NAME
Personal name Woolfork, Lisa,
245 10 - TITLE STATEMENT
Title Embodying American slavery in contemporary culture
260 ## - PUBLICATION, DISTRIBUTION, ETC. (IMPRINT)
Place of publication Urbana :
Name of publisher University of Illinois Press,
Year of publication c2009.
300 ## - PHYSICAL DESCRIPTION
Number of Pages xi, 233 p. :
Other physical details ill.
650 #0 - SUBJECT ADDED ENTRY--TOPICAL TERM
Topical Term Slavery
Topical Term Slavery
Topical Term Psychic trauma
Topical Term Popular culture
Topical Term Human body in popular culture.
Topical Term Slavery in literature.
Topical Term Slavery in motion pictures.
Topical Term Historical reenactments
856 40 - ELECTRONIC LOCATION AND ACCESS
Uniform Resource Identifier http://site.ebrary.com/lib/rucke/Doc?id=10532371

No items available.

© 2026 Rongo University
Contact us: librarian | system librarian | Rongo university